000 00588nam a22001937a 4500
005 20260331151120.0
008 260331b |||||||| |||| 00| 0 eng d
020 _a9780070591172
040 _cAL
041 _aEnglish
082 _a621.38
_bBHAD
100 _aAmitabha Bhattacharya
_9259865
245 _aDigital communication
260 _aNew Delhi
_bMcGraw Hill Education(India) Private Limited
_c2015
300 _axxiv,516p.
_bPB
_c24x18.5cm.
365 _aVBI-2645
_b₹596.25
_c
_d₹795.00
_e25%
_f20-02-2026
650 _aElectronic Communication
_9259866
942 _2ddc
_cBK
999 _c241090
_d241090